Broncos Free Agency Signings 2025 - Statistics

General Stats
  • This quiz has been taken 37 times
    20 since last reset
  • The average score is 4 of 8
Answer Stats
Hint Answer % Correct
TE Evan Engram
94%
LB Dre Greenlaw
88%
S Talanoa Hufanga
82%
QB Sam Ehlinger
59%
WR Trent Sherfield
41%
P Matt Haack
18%
DB Sam Franklin
12%
LS Zach Triner
12%
No matching quizzes found
Score Distribution
Percent of People with Each Score
Percentile by Number Answered
Your Score History
You have not taken this quiz since the last reset